| 000 | 00705nam a2200193Ia 4500 | ||
|---|---|---|---|
| 003 | GCL | ||
| 005 | 20240530104401.0 | ||
| 008 | 140319s9999 xx 000 0 ara d | ||
| 040 |
_aGCL / _cGCL |
||
| 082 | 0 | 4 |
_a332.673 _bع س |
| 100 | 0 | _aعبدالسلام ابوقحف | |
| 245 | 1 | 0 |
_aالسياسات والاشكال المختلفة للاستثمارات الاجنبية / _cعبدالسلام ابوقحف |
| 260 |
_a[S.N] : _bمؤسسة شباب الجامعة ، _c1989 |
||
| 300 | _a207 ص | ||
| 490 |
_aسلسلة كتب دراسات اقتصاديات الاستثمارات _v0 |
||
| 650 | 0 | 4 | _aالاستثمار |
| 650 | 0 | 4 | _aالاستثمارات الاجنبية |
| 942 |
_2ddc _cBK |
||
| 999 |
_c47095 _d47095 |
||